书目信息 |
| 题名: |
高分子材料加工工程专业实验
|
|
| 作者: | 邬素华 主编 | |
| 分册: | ||
| 出版信息: | 北京 中国轻工业出版社 2013.07 |
|
| 页数: | 165页 | |
| 开本: | 26cm | |
| 丛书名: | ||
| 单 册: | ||
| 中图分类: | TB324.02 | |
| 科图分类: | ||
| 主题词: | 高分子材料--加工--实验--高等教育--教材 , 高分子材料 , 加工 | |
| 电子资源: | ||
| ISBN: | 978-7-5019-9288-1 | |
| 000 | 01115nam0 2200301 450 | |
| 001 | 012013792223 | |
| 005 | 20140528104916.65 | |
| 010 | @a978-7-5019-9288-1@dCNY25.00 | |
| 100 | @a20130802d2013 em y0chiy0110 ea | |
| 101 | 0 | @achi |
| 102 | @aCN@b110000 | |
| 105 | @aak z 000yy | |
| 106 | @ar | |
| 200 | 1 | @a高分子材料加工工程专业实验@9gao fen zi cai liao jia gong gong cheng zhuan ye shi yan@f邬素华主编 |
| 210 | @a北京@c中国轻工业出版社@d2013.07 | |
| 215 | @a165页@c图@d26cm | |
| 300 | @a普通高等教育“十二五”规划教材 高分子材料与工程专业系列教材 | |
| 312 | @a封面英文题名:Experiment on polymer processing engineering | |
| 330 | @a本书主要内容包括:高分子加工工程实验的一般知识;高分子成型基础实验;高分子性能测试实验;高分子综合及设计性实验。 | |
| 333 | @a高校高分子材料与工程相关专业师生 | |
| 510 | 1 | @aExperiment on polymer processing engineering@zeng |
| 606 | 0 | @a高分子材料@x加工@x实验@x高等教育@j教材 |
| 606 | 0 | @a高分子材料 |
| 606 | 0 | @a加工 |
| 690 | @aTB324.02@v5 | |
| 701 | 0 | @a邬素华@9wu su hua@4主编 |
| 801 | 0 | @aCN@b人天书店@c20130802 |
| 905 | @b547618-21@dTB324.02@e233@f4 | |
| 高分子材料加工工程专业实验/邬素华主编.-北京:中国轻工业出版社,2013.07 |
| 165页:图;26cm |
| 普通高等教育“十二五”规划教材 高分子材料与工程专业系列教材.-使用对象:高校高分子材料与工程相关专业师生 |
| ISBN 978-7-5019-9288-1:CNY25.00 |
| 本书主要内容包括:高分子加工工程实验的一般知识;高分子成型基础实验;高分子性能测试实验;高分子综合及设计性实验。 |
| ● |
| 相关链接 |
|
|
|
|
正题名:高分子材料加工工程专业实验
索取号:TB324.02/233
 
预约/预借
| 序号 | 登录号 | 条形码 | 馆藏地/架位号 | 状态 | 备注 |
| 1 | 547618 | 205476180 | 第二样本阅览室/ [索取号:TB324.02/233] | 在馆 | |
| 2 | 547619 | 205476199 | 第三借阅区/ [索取号:TB324.02/233] | 在馆 | |
| 3 | 547620 | 205476206 | 第三借阅区/ [索取号:TB324.02/233] | 在馆 | |
| 4 | 547621 | 205476215 | 密集书库-化学系/ [索取号:TB324.02/233] | 在馆 |